00514nam a2200181Ia 4500008004100000020001800041082000800059100002900067245004200096250000600138260001900144300001700163500002400180650001400204942000700218952009000225999001700315230524s9999 xx 000 0 und d a9788120346727 bCHA aP.N. Chandramouli942827 0aFundamentals of Strength of Materials a1 aNew DelhibPHI a"XIII,847p;" aQuantity Number: 1 aMechanics cBK 00104070aTATCLbTATCLcGENd2023-05-24l0o CHAp54111r2023-05-24w2023-05-24yBK c57799d57799